| 000 | 00392nam a22001457a 4500 | ||
|---|---|---|---|
| 999 |
_c4930 _d4930 |
||
| 008 | 200910b ||||| |||| 00| 0 eng d | ||
| 082 | 0 | 0 |
_a620.1 _bW1772 |
| 100 |
_9763 _aWalker, J. D. |
||
| 245 | 1 | 0 |
_a Applied mechanics _cby J. D. Walker |
| 260 |
_aLondon _bEnglish Universities Press _c1962 |
||
| 300 | _a200 p. | ||
| 365 | _d16.80 | ||
| 650 | 0 | _aApplied Mechanics | |
| 942 | _cBK | ||